| 000 | 00446nam a2200193Ia 4500 | ||
|---|---|---|---|
| 008 | 210210b1955 xxu||||| |||| 00| 0 eng d | ||
| 041 | _aeng | ||
| 082 | _a580/133 | ||
| 100 | _aHAYNES (Immer) | ||
| 245 | _aMethods of plant breeding | ||
| 260 |
_aNew York _bMcGraw-Hill Book Company Inc. _c1955 |
||
| 650 | _aplant | ||
| 650 | _aof | ||
| 650 | _aMethods | ||
| 650 | _abreeding | ||
| 690 | _aBotany | ||
| 700 | _aSMITH | ||
| 906 | _a010394 | ||
| 999 |
_c138162 _d138162 |
||